Science Quiz

Random Science or Chemistry Quiz

Mirrored Elements Quiz Stats

Quiz Updated Nov 13, 2014

Challenge
Share
Tweet
Score 0/13 Timer 03:00
1 Play Today
% Correct
Argon
93.4%
Calcium
92.8%
Aluminum
92.5%
Bromine
90.8%
Nickel
90.6%
Gallium
89.7%
Cesium
86.4%
Francium
85.9%
Selenium
85.6%
Tantalum
81.7%
Curium
80%
Rhenium
79.2%
Thulium
68.1%

You're not logged in!

Compare scores with friends on all Sporcle quizzes.
Join for Free
OR
Log In

You Might Also Like...

Show Comments

Extras

Top Quizzes Today


Score Distribution

Your Account Isn't Verified!

In order to create a playlist on Sporcle, you need to verify the email address you used during registration. Go to your Sporcle Settings to finish the process.

Report this User

Report this user for behavior that violates our Community Guidelines.

Details: